Statistics for Family Feud Pt.6 (The Question Is In The Description)

Click here to take the quiz!

General Stats

  • This quiz has been taken 133 times
  • The average score is 3 of 8

Answer Stats

Points GivenAnswer% Correct
62Sun
89%
14Fire/Flame Thrower
57%
3Rain
41%
3Snowplow/Shovel
25%
2Peeing dogs/Pee
17%
2Snowballs
12%
3Blow Dryer
8%
2Drought
3%

Score Distribution

Percentile by Number Answered

Percent of People with Each Score

Your Score History

You have not taken this quiz